000 01074nac a22002411u 4500
010 _a99036311
020 _a0070181314
082 0 0 _a620/.0045
_bD761
090 _c792
_d792
100 _a20080729
245 0 0 _aDimensioning and tolerancing handbook /
_c[edited by] Paul J. Drake, Jr.
260 _aNew York :
_bMcGraw Hill,
_c1999.
300 _a1 v. (various pagings) :
_bill. ;
_c24 cm.
504 _aIncludes bibliographical references and index.
650 0 _aEngineering drawings
_xDimensioning.
650 0 _aTolerance (Engineering)
700 1 _aDrake, Paul J.
856 4 2 _3Contributor biographical information
_uhttp://www.loc.gov/catdir/bios/mh041/99036311.html
856 4 2 _3Publisher description
_uhttp://www.loc.gov/catdir/description/mh023/99036311.html
856 4 2 _3Table of contents
_uhttp://www.loc.gov/catdir/toc/mh023/99036311.html
942 _cBB
_k620/.0045D761
999 _c792
_d792